| Tag |
First Indicator |
Second Indicator |
Subfields |
| LEADER |
00000nam a2200000Ki 4500 |
| 001 |
in00004636655 |
| 003 |
OCoLC |
| 005 |
20220624165623.2 |
| 006 |
m o d |
| 007 |
cr cnu---unuuu |
| 008 |
220624t20222022enk o 000 0 eng d |
| 024 |
8 |
|
|a 40031490355
|
| 040 |
|
|
|a YDX
|b eng
|e rda
|c YDX
|
| 020 |
|
|
|a 9781009032001
|q electronic book
|
| 020 |
|
|
|a 1009032003
|q electronic book
|
| 020 |
|
|
|z 9781009014557
|
| 020 |
|
|
|z 1009014552
|
| 035 |
|
|
|a (OCoLC)1332986597
|
| 050 |
|
4 |
|a BP605.S2
|b W47 2022
|
| 082 |
0 |
4 |
|a 299/.93607
|2 23/eng/20220624
|
| 100 |
1 |
|
|a Westbrook, Donald A.,
|d 1985-
|e author.
|
| 245 |
1 |
0 |
|a L. Ron Hubbard and Scientology studies /
|c Donald A. Westbrook.
|
| 264 |
|
1 |
|a Cambridge, United Kingdom ;
|a New York, NY :
|b Cambridge University Press,
|c 2022.
|
| 264 |
|
4 |
|c ©2022
|
| 300 |
|
|
|a 1 online resource.
|
| 336 |
|
|
|a text
|b txt
|2 rdacontent
|
| 337 |
|
|
|a computer
|b c
|2 rdamedia
|
| 338 |
|
|
|a online resource
|b cr
|2 rdacarrier
|
| 490 |
0 |
|
|a Cambridge elements. Elements in new religious movements
|
| 588 |
|
|
|a Description based on online resource; title from digital title page (viewed on June 24, 2022).
|
| 600 |
1 |
0 |
|a Hubbard, L. Ron
|q (La Fayette Ron),
|d 1911-1986.
|
| 650 |
|
0 |
|a Scientology
|x Research.
|
| 655 |
|
7 |
|a Electronic books.
|2 local
|
| 710 |
2 |
|
|a Cambridge University Press
|
| 856 |
4 |
0 |
|u http://proxy.library.tamu.edu/login?url=https://doi.org/10.1017/9781009032001
|z Connect to the full text of this electronic book
|t 0
|
| 945 |
|
|
|a machinegen
|b 544494
|
| 955 |
|
|
|a YBP purchased approval e-records
|
| 980 |
|
|
|b ebook
|c 40031490355
|f NONFIC/B
|g 565751
|k USD
|m 115.00
|q 1
|s AcqMono Conventional
|t Approval plan
|u Vendor order reference number
|v ZYBP
|y E-approvals
|z Electronic resource
|
| 999 |
f |
f |
|i e9d94064-0ead-4948-9604-6fd2dd8c8d2a
|s 026fe72e-5d14-4002-8b0c-f9aeb999f12d
|t 0
|
| 952 |
f |
f |
|a Texas A&M University
|b College Station
|c Electronic Resources
|s www_evans
|d Available Online
|t 0
|e BP605.S2 W47 2022
|h Library of Congress classification
|